| 000 | 00867nam a2200265 i 4500 | ||
|---|---|---|---|
| 001 | bg | ||
| 100 | 1 | _aKĘDZIERSKI, Zbigniew | |
| 245 | 1 | 0 |
_aPrzemiany fazowe w układach skondensowanych / _cZbigniew Kędzierski. |
| 260 |
_aKraków : _bAGH Uczelniane Wydawnictwa Naukowo-Dydaktyczne, _c2003. |
||
| 300 |
_a312 s. : _bfot., rys., wykr. ; _c24 cm. |
||
| 504 | _aBibliogr. | ||
| 650 | 9 | _aCiało stałe | |
| 650 | 9 | _aPrzemiany fazowe | |
| 650 | 9 | _aCiecze | |
| 650 | 9 | _aMateriałoznawstwo | |
| 650 | 9 | _aRoztwory | |
| 020 | _a8388408755 | ||
| 040 | _cBPK | ||
| 041 | 0 | _apol | |
| 080 | _a538.9:536.7:544.35:620.1 | ||
| 920 | _a83-88408-75-5 | ||
| 942 | _cKS | ||
| 008 | s pl f |000 0 pol | ||
| 999 |
_c52855 _d52855 |
||
| 856 |
_uhttp://koha.tu.koszalin.pl/cgi-bin/koha/opac-detail.pl?biblionumber=52855 _yKatalog online BPK |
||